00513nam a2200169Ia 4500003000900000008004100009020001800050040001600068080002300084110003400107245008800141260003500229300001700264650004100281650001200322650000900334IN-BaIIA211028s9999 xx 000 0 eng d a0-08-026314-3 cIIA Library a063:523.34b11LC-2 aLunar and Planetary Institute 0aMeteorite and Regolith StudiescLunar and Planetary Institute  aNew YorkbPergamon Pressc1980 ax, 839-1776p aAstronomy and Astrophysics Thesaurus aGeology aMoon